000 00744nam a2200289Ia 4500
001 Z_3867
003 CHAP
008 220113s1989 xx 000 0 und d
010 _a166928
040 _cCHAP
082 _a636.5 C38
100 _aCastelló Llobet, José A
_9141084
245 _aBiología de la gallina /
_cpor José A Castelló Llobet... /
_cy otros /
_c
260 _aBarcelona :
_bReal Escuela de Avicultura,
_c1989
300 _a307 p. ; ilus
440 _a
500 _a
503 _aC/E
650 _aAves de corral
_xAnatomía y fisiología I. t.
_9138482
650 _aAves de corral
_xManejo
_9140866
901 _a636.5 C38
902 _aA
910 _a1989
942 _c1
942 _cc1
999 _c166928
_d166928